[Event "23. Copenhagen Open  (Politiken Cup)"]
[Site "Copenhagen"]
[Date "2001.07.17"]
[Round "2"]
[White "Rasmussen, Casper Dahl"]
[Black "Grahn, Lars"]
[Result "1/2-1/2"]
[WhiteElo "2281"]
[BlackElo "2100"]
[PlyCount "140"]
[EventDate "2001.07.16"]
[EventType "swiss"]
[EventRounds "11"]
[EventCountry "DEN"]
[SourceDate "2004.01.01"]

1. c4 e6 2. g3 d5 3. Bg2 Nf6 4. Nf3 dxc4 5. Qa4+ c6 6. Qxc4 b5 7. Qc2 Bb7 8.
O-O Nbd7 9. b3 c5 10. Bb2 Be7 11. d3 O-O 12. Nbd2 a6 13. Rfd1 Qb6 14. h3 Rfd8
15. Rac1 Rac8 16. Qb1 Ne8 17. Nf1 Bf6 18. Ne3 Bxb2 19. Qxb2 Ndf6 20. Rc2 Rc7
21. Rdc1 Rdc8 22. Ne5 Bxg2 23. Kxg2 Qd6 24. Nf3 Nd5 25. Nxd5 Qxd5 26. Qa3 Rc6
27. Kg1 e5 28. Qb2 f6 29. Nd2 Nd6 30. Qa3 f5 31. Qb2 Nf7 32. b4 cxb4 33. Rxc6
Rxc6 34. Rxc6 Qxc6 35. Qxb4 Qc2 36. Qa5 g6 37. Nf1 Qxe2 38. h4 Qxd3 39. Qxa6
Qb1 40. a3 Kg7 41. Qb7 Qa1 42. Qxb5 Qxa3 43. Qb7 Qc1 44. Qd7 Qe1 45. h5 gxh5
46. Qxf5 Qd1 47. Qe6 Qg4 48. Qe7 Qg5 49. Qxg5+ Nxg5 50. f4 exf4 51. gxf4 Nh3+
52. Kg2 Nxf4+ 53. Kg3 Nd5 54. Kh4 Kg6 55. Ng3 Nf4 56. Ne4 Ng2+ 57. Kg3 Ne3 58.
Kh4 Nf5+ 59. Kh3 h6 60. Ng3 Nd4 61. Ne4 Nf3 62. Kg3 Ng5 63. Nd6 Ne6 64. Kh4 Ng7
65. Ne4 Nf5+ 66. Kh3 h4 67. Kg4 h5+ 68. Kh3 Kh6 69. Nd2 Kg5 70. Nf3+ Kf4
1/2-1/2

[Event "23. Copenhagen Open  (Politiken Cup)"]
[Site "Copenhagen"]
[Date "2001.07.17"]
[Round "2"]
[White "Rasmussen, Henning Lau"]
[Black "Visweswaran, Kameswaran"]
[Result "0-1"]
[WhiteElo "2015"]
[BlackElo "2299"]
[PlyCount "64"]
[EventDate "2001.07.16"]
[EventType "swiss"]
[EventRounds "11"]
[EventCountry "DEN"]
[SourceDate "2004.01.01"]

1. d4 Nf6 2. c4 g6 3. Nc3 Bg7 4. e4 d6 5. Be2 Na6 6. Bg5 O-O 7. h4 h6 8. Be3 e5
9. d5 c6 10. g4 cxd5 11. cxd5 Nc5 12. f3 a5 13. h5 gxh5 14. g5 Nh7 15. gxh6 Bf6
16. Rxh5 Bh4+ 17. Kd2 f5 18. Qf1 Kh8 19. Qg2 Rg8 20. Qh1 Bg5 21. Bxg5 Nxg5 22.
Rf1 a4 23. Bb5 Qb6 24. Qh4 Nh7 25. Nh3 Rg2+ 26. Rf2 Rxf2+ 27. Qxf2 Bd7 28. Qe2
fxe4 29. Ng5 Nxg5 30. Rxg5 Rf8 31. h7 exf3 32. Rg8+ Kxh7 {Time} 0-1

[Event "23. Copenhagen Open  (Politiken Cup)"]
[Site "Copenhagen"]
[Date "2001.07.17"]
[Round "2"]
[White "Rendboe, John Filip"]
[Black "Andersen, Kasper Lolk"]
[Result "1-0"]
[WhiteElo "2243"]
[BlackElo "1192"]
[PlyCount "53"]
[EventDate "2001.07.16"]
[EventType "swiss"]
[EventRounds "11"]
[EventCountry "DEN"]
[SourceDate "2004.01.01"]

1. d4 d5 2. c4 e6 3. Nc3 Bb4 4. e3 Nf6 5. Nf3 Bd7 6. Bd3 Nc6 7. O-O a6 8. Qc2
Qe7 9. a3 Bxc3 10. Qxc3 g6 11. b4 Na7 12. a4 c6 13. c5 Rb8 14. Ne5 b5 15. cxb6
Rxb6 16. Ba3 Ne4 17. Bxe4 dxe4 18. b5 Qd8 19. Bc5 Rb7 20. bxa6 Nb5 21. axb5
Rxb5 22. a7 Qa8 23. Rfb1 f6 24. Rxb5 cxb5 25. Nxd7 Kxd7 26. Qa5 Rc8 27. Qxb5+
1-0

[Event "23. Copenhagen Open  (Politiken Cup)"]
[Site "Copenhagen"]
[Date "2001.07.17"]
[Round "2"]
[White "Robertsen, Thomas"]
[Black "Jorgensen, Mikkel"]
[Result "1-0"]
[WhiteElo "2034"]
[BlackElo "1610"]
[PlyCount "67"]
[EventDate "2001.07.16"]
[EventType "swiss"]
[EventRounds "11"]
[EventCountry "DEN"]
[SourceDate "2004.01.01"]

1. e4 c5 2. Nf3 Nc6 3. Bb5 a6 4. Bxc6 bxc6 5. O-O Nf6 6. e5 Nd5 7. Re1 e6 8. c4
Ne7 9. Nc3 Ng6 10. Ne4 Qc7 11. d4 cxd4 12. Qxd4 c5 13. Qc3 Bb7 14. h4 Rg8 15.
h5 Nh8 16. Bg5 h6 17. Bh4 Be7 18. Bxe7 Kxe7 19. Nd6 f6 20. Rad1 Rgf8 21. Nh4 f5
22. Ndxf5+ Rxf5 23. Nxf5+ exf5 24. Qg3 Kf8 25. Qf4 Qc6 26. Qxf5+ Kg8 27. Qg4
Rf8 28. Rxd7 Nf7 29. e6 Ng5 30. e7 Re8 31. Rd8 Nf7 32. Rxe8+ Qxe8 33. Qe6 Bc6
34. Qxc6 1-0

[Event "23. Copenhagen Open  (Politiken Cup)"]
[Site "Copenhagen"]
[Date "2001.07.17"]
[Round "2"]
[White "Rosenberg, Jan"]
[Black "Mortensen, Henrik"]
[Result "1-0"]
[WhiteElo "1785"]
[BlackElo "2075"]
[PlyCount "117"]
[EventDate "2001.07.16"]
[EventType "swiss"]
[EventRounds "11"]
[EventCountry "DEN"]
[SourceDate "2004.01.01"]

1. e4 c5 2. c3 e5 3. Nf3 Nc6 4. Bc4 Qc7 5. O-O Nf6 6. d3 Be7 7. Be3 O-O 8. Nbd2
d6 9. h3 h6 10. Re1 Nh7 11. Nf1 Be6 12. Bb3 b6 13. Ng3 Rad8 14. Bd5 Bxd5 15.
exd5 f5 16. dxc6 f4 17. Ne4 fxe3 18. Rxe3 Kh8 19. Qa4 d5 20. Ng3 Bf6 21. Rae1
Rfe8 22. Nh5 Re6 23. Nxf6 gxf6 24. Qg4 Rxc6 25. Nh4 Nf8 26. Rg3 Qh7 27. Qh5 f5
28. Nxf5 Rf6 29. Rxe5 Ng6 30. Re1 Nf4 31. Re8+ Rf8 32. Rxd8 Rxd8 33. Qg4 Ne6
34. Nh4 Ng5 35. Qf4 Qg7 36. Re3 Kg8 37. Kh2 Rf8 38. Qg3 d4 39. cxd4 cxd4 40.
Re1 Qf6 41. Nf3 Kh8 42. Nxg5 hxg5 43. f3 Rc8 44. Re5 Rc5 45. Rxc5 bxc5 46. Qb8+
Kh7 47. Qxa7+ Kg6 48. Qxc5 Qf4+ 49. Kh1 Qe3 50. Qc6+ Kg7 51. Qe4 Qc1+ 52. Kh2
Qxb2 53. Kg3 Qb8+ 54. Kg4 Qb2 55. g3 Qf2 56. Qe5+ Kh7 57. Qf5+ Kh8 58. Qxg5 Qe3
59. Qf5 1-0

[Event "23. Copenhagen Open  (Politiken Cup)"]
[Site "Copenhagen"]
[Date "2001.07.17"]
[Round "2"]
[White "Rustemov, Alexander"]
[Black "Romsdal, Trond"]
[Result "1-0"]
[WhiteElo "2607"]
[BlackElo "2225"]
[PlyCount "81"]
[EventDate "2001.07.16"]
[EventType "swiss"]
[EventRounds "11"]
[EventCountry "DEN"]
[SourceDate "2004.01.01"]

1. Nf3 Nf6 2. c4 c6 3. Nc3 d5 4. e3 g6 5. d4 Bg7 6. Bd3 O-O 7. O-O Nbd7 8. cxd5
cxd5 9. Qb3 Nb6 10. a4 Bf5 11. Be2 Rc8 12. Ne5 Ne4 13. a5 Nxc3 14. bxc3 Nd7 15.
Nxd7 Qxd7 16. Ba3 h5 17. Bc5 a6 18. Ra4 Bf6 19. Rb4 Rc7 20. Bb6 Rcc8 21. h3 h4
22. Rc1 Bg5 23. Bf3 e6 24. Bc5 Rxc5 25. dxc5 Qc7 26. Rxb7 Qxc5 27. Ra1 Bf6 28.
Ra3 Bd3 29. Qb4 Qc6 30. Rb8 Bg7 31. Rb3 Bc4 32. Rb2 Qc7 33. Rxf8+ Bxf8 34. Qb6
Qc8 35. Qb8 Qc5 36. Rb7 Bb5 37. Qf4 Be8 38. Rb8 Qc6 39. c4 Kg7 40. cxd5 Qc1+
41. Kh2 1-0

[Event "23. Copenhagen Open  (Politiken Cup)"]
[Site "Copenhagen"]
[Date "2001.07.17"]
[Round "2"]
[White "Royset, Paal"]
[Black "Aabling Thomsen, Jakob"]
[Result "1/2-1/2"]
[WhiteElo "2257"]
[BlackElo "1889"]
[PlyCount "121"]
[EventDate "2001.07.16"]
[EventType "swiss"]
[EventRounds "11"]
[EventCountry "DEN"]
[SourceDate "2004.01.01"]

1. e4 c5 2. c3 Nf6 3. e5 Nd5 4. d4 cxd4 5. Nf3 e6 6. cxd4 Be7 7. Nc3 Nxc3 8.
bxc3 b6 9. Bd3 Bb7 10. O-O Nc6 11. Re1 Rc8 12. Bf4 Na5 13. Rc1 Bd5 14. Nd2 Nc4
15. Qg4 Kf8 16. Bxc4 Bxc4 17. Ne4 Bd5 18. Ng3 h6 19. Nh5 g6 20. Nf6 Bxf6 21.
exf6 h5 22. Bd6+ Kg8 23. Qf4 Rc4 24. Re3 Qc8 25. Rg3 Rh7 26. h4 Qc6 27. Re1 b5
28. Bb4 Qc7 29. Bd6 Qc6 30. Kh2 a5 31. a3 Qc8 32. Qe5 Rh8 33. Ree3 Qc6 34. Bc5
Qc8 35. Rg5 Rh6 36. Reg3 Kh7 37. Qd6 Bc6 38. Qf8 Qxf8 39. Bxf8 Bd5 40. Re3 Rc8
41. Bg7 Bc6 42. a4 d5 43. axb5 Bxb5 44. Rgg3 Rb8 45. Bxh6 Kxh6 46. Re1 a4 47.
Ra1 Ra8 48. Ra3 Bc4 49. f4 Bb3 50. Re3 Kh7 51. Kh3 Kg8 52. g4 hxg4+ 53. Kxg4
Kh7 54. Rh3 Kh6 55. Ra1 a3 56. Rhh1 a2 57. Rhc1 Rb8 58. Kf3 Kh5 59. Rg1 Rc8 60.
Rgc1 Rc7 61. Kg3 1/2-1/2

[Event "23. Copenhagen Open  (Politiken Cup)"]
[Site "Copenhagen"]
[Date "2001.07.17"]
[Round "2"]
[White "Schmidt, Horst Hubert"]
[Black "Sylvan, Jacob"]
[Result "0-1"]
[WhiteElo "1674"]
[BlackElo "2272"]
[PlyCount "84"]
[EventDate "2001.07.16"]
[EventType "swiss"]
[EventRounds "11"]
[EventCountry "DEN"]
[SourceDate "2004.01.01"]

1. d4 d5 2. Nf3 Nf6 3. e3 Bf5 4. c4 e6 5. Nc3 c6 6. Qb3 Qc8 7. Be2 Nbd7 8. Bd2
Be7 9. Rc1 h6 10. cxd5 exd5 11. Ne5 O-O 12. O-O Rb8 13. f3 Qd8 14. Rfd1 Nxe5
15. dxe5 Nd7 16. f4 Nc5 17. Qa3 Nd3 18. Bxd3 Bxa3 19. Bxf5 Bxb2 20. Rc2 Bxc3
21. Bxc3 g6 22. Bh3 a5 23. Bd4 a4 24. Bc5 b5 25. e6 Re8 26. f5 fxe6 27. fxe6
Re7 28. Rf1 b4 29. Rf6 b3 30. axb3 axb3 31. Rb2 Rg7 32. e7 Rxe7 33. Rxg6+ Rg7
34. Rxh6 Qa5 35. Be6+ Rf7 36. Rb1 Qxc5 37. Rh3 Rbb7 38. Rf1 Kf8 39. Bf5 b2 40.
Rh8+ Ke7 41. h3 Qxe3+ 42. Kh1 b1=Q 0-1

[Event "23. Copenhagen Open  (Politiken Cup)"]
[Site "Copenhagen"]
[Date "2001.07.17"]
[Round "2"]
[White "Schmied, Andreas"]
[Black "Pedersen, Steffen"]
[Result "1-0"]
[WhiteElo "2138"]
[BlackElo "2453"]
[PlyCount "81"]
[EventDate "2001.07.16"]
[EventType "swiss"]
[EventRounds "11"]
[EventCountry "DEN"]
[SourceDate "2004.01.01"]

1. c4 f5 2. g3 Nf6 3. Bg2 g6 4. Nc3 d6 5. d3 Bg7 6. e4 Nc6 7. Nge2 O-O 8. O-O
a5 9. Rb1 Kh8 10. h3 Bd7 11. Kh2 Qc8 12. Be3 a4 13. exf5 Bxf5 14. g4 Bd7 15.
Ng3 a3 16. d4 axb2 17. Rxb2 e5 18. d5 Na5 19. Qe2 b6 20. Nce4 Nxe4 21. Nxe4 Nb7
22. Qd2 Ra4 23. Rc1 Qe8 24. Rb4 Rxb4 25. Qxb4 Qa8 26. Rc3 Qxa2 27. Ra3 Qc2 28.
Ra7 Nc5 29. Bxc5 dxc5 30. Qa3 Qxc4 31. Rxc7 Ba4 32. d6 Qd4 33. Qa2 Bh6 34. Rf7
Rd8 35. Qe6 Rg8 36. d7 Bg7 37. Re7 Bxd7 38. Rxd7 Qb2 39. Ng5 h6 40. Ne4 Qc1 41.
Rf7 1-0

[Event "23. Copenhagen Open  (Politiken Cup)"]
[Site "Copenhagen"]
[Date "2001.07.17"]
[Round "2"]
[White "Schonberg, Niels Peder"]
[Black "Zachariassen, John"]
[Result "0-1"]
[WhiteElo "1214"]
[BlackElo "1864"]
[PlyCount "56"]
[EventDate "2001.07.16"]
[EventType "swiss"]
[EventRounds "11"]
[EventCountry "DEN"]
[SourceDate "2004.01.01"]

1. d4 Nf6 2. Bf4 d6 3. d5 e5 4. Bg5 Be7 5. e4 Nxd5 6. Bxe7 Nxe7 7. Bc4 O-O 8.
Nf3 Ng6 9. g3 Bh3 10. Nc3 Nd7 11. Qe2 Nb6 12. Bb3 Qf6 13. Nd2 c6 14. O-O-O a5
15. a4 Be6 16. Bxe6 Qxe6 17. b3 Rfd8 18. Nf3 h6 19. Rd2 d5 20. exd5 cxd5 21.
Nb5 Rdc8 22. h4 f6 23. Nfd4 Qd7 24. Nf3 Ne7 25. Re1 Nc6 26. c3 Na7 27. c4 Nxb5
28. axb5 Qxb5 0-1

[Event "23. Copenhagen Open  (Politiken Cup)"]
[Site "Copenhagen"]
[Date "2001.07.17"]
[Round "2"]
[White "Simonsen, Hans Kristian"]
[Black "Manley, Christian"]
[Result "1-0"]
[WhiteElo "1930"]
[BlackElo "1360"]
[PlyCount "117"]
[EventDate "2001.07.16"]
[EventType "swiss"]
[EventRounds "11"]
[EventCountry "DEN"]
[SourceDate "2004.01.01"]

1. e4 e5 2. Nf3 Nf6 3. Nc3 d6 4. d4 exd4 5. Nxd4 Be6 6. Nxe6 fxe6 7. Bc4 Qd7 8.
O-O Nc6 9. Bg5 O-O-O 10. f4 e5 11. f5 Kb8 12. Be6 Qe8 13. Bxf6 gxf6 14. Nd5 Be7
15. c3 Qf8 16. Qh5 Qg7 17. Rad1 a6 18. Rf3 Na7 19. Rg3 Qf8 20. Nxe7 Qxe7 21.
Qh6 Qf8 22. Qxf8 Rdxf8 23. Rdd3 Nc6 24. Rg7 Nd8 25. Bb3 Kc8 26. Rh3 h5 27. Bd1
Nf7 28. Rxh5 Rxh5 29. Bxh5 Ng5 30. Bf3 Nxf3+ 31. gxf3 Kd8 32. Rh7 Rg8+ 33. Kf2
Rf8 34. h4 Rg8 35. h5 Rg5 36. h6 Rh5 37. Ke3 Rh2 38. Rh8+ Kd7 39. h7 Rh6 40. a4
Kc6 41. Rf8 Rxh7 42. Rxf6 Kd7 43. Rf8 b6 44. b4 Rh2 45. Ra8 Rc2 46. Rxa6 Rxc3+
47. Kf2 Rb3 48. b5 Rb2+ 49. Kg3 Rb1 50. Ra8 Rg1+ 51. Kf2 Rg7 52. Rh8 Ke7 53.
Ke3 Rf7 54. Kd3 Kd7 55. Kc4 Ke7 56. Kd5 Kd7 57. Rg8 Rh7 58. f6 Rh6 59. f7 1-0

[Event "23. Copenhagen Open  (Politiken Cup)"]
[Site "Copenhagen"]
[Date "2001.07.17"]
[Round "2"]
[White "Simonsen, Per"]
[Black "Marder, Simon"]
[Result "1-0"]
[WhiteElo "1723"]
[BlackElo "2058"]
[PlyCount "137"]
[EventDate "2001.07.16"]
[EventType "swiss"]
[EventRounds "11"]
[EventCountry "DEN"]
[SourceDate "2004.01.01"]

1. d4 g6 2. c4 Bg7 3. e4 b6 4. Nc3 Bb7 5. Be3 d6 6. Qd2 e6 7. f3 Nd7 8. Bd3 Ne7
9. Nge2 h6 10. O-O-O a6 11. h4 c6 12. f4 b5 13. c5 dxc5 14. dxc5 Qc7 15. h5
O-O-O 16. Qc2 Qa5 17. Kb1 Kb8 18. g4 Bc8 19. hxg6 Nxg6 20. e5 Ne7 21. Ne4 Nd5
22. Bd2 Qc7 23. Nd6 f6 24. Nf7 fxe5 25. Nxd8 Qxd8 26. Rdf1 N7f6 27. fxe5 Nxg4
28. Rhg1 Nge3 29. Bxe3 Nxe3 30. Qc3 Nxf1 31. Rxg7 h5 32. Nd4 Nd2+ 33. Kc2 Qd5
34. Kxd2 Rf8 35. Ne2 Rd8 36. a3 h4 37. Rg4 Qh1 38. Rd4 Rh8 39. Qa5 Qa1 40. Kc2
h3 41. Qb6+ Ka8 42. Qxc6+ Bb7 43. Qb6 Qh1 44. Rd8+ Rxd8 45. Qxd8+ Ka7 46. Qb6+
Kb8 47. Qd6+ Ka7 48. Qxe6 h2 49. Qb6+ Kb8 50. c6 Qxc6+ 51. Qxc6 Bxc6 52. Ng3
Kc7 53. b4 h1=Q 54. Nxh1 Bxh1 55. Kc3 Bd5 56. Kd4 Be6 57. Kc5 Kd7 58. Be4 Kc7
59. Bc6 Bc8 60. Bd5 Bd7 61. Bf7 a5 62. e6 axb4 63. axb4 Bxe6 64. Bxe6 Kb8 65.
Kxb5 Ka8 66. Ka6 Kb8 67. b5 Ka8 68. Bd5+ Kb8 69. b6 1-0

[Event "23. Copenhagen Open  (Politiken Cup)"]
[Site "Copenhagen"]
[Date "2001.07.17"]
[Round "2"]
[White "Skovgaard, Tom"]
[Black "Christensen, Verner"]
[Result "1-0"]
[WhiteElo "2065"]
[BlackElo "1797"]
[PlyCount "109"]
[EventDate "2001.07.16"]
[EventType "swiss"]
[EventRounds "11"]
[EventCountry "DEN"]
[SourceDate "2004.01.01"]

1. e4 e5 2. Nf3 Nc6 3. Bb5 f5 4. exf5 e4 5. Qe2 Qe7 6. Bxc6 dxc6 7. Nd4 Qe5 8.
Ne6 Bxe6 9. fxe6 O-O-O 10. d3 Nf6 11. Nc3 Bb4 12. Bd2 Rhe8 13. O-O Rxe6 14. a3
Bd6 15. f4 exf3 16. Qxe5 Bxe5 17. gxf3 Bd4+ 18. Kg2 Nd5 19. Rae1 Rg6+ 20. Kh3
Nxc3 21. Bxc3 Rd5 22. Re4 Bxc3 23. bxc3 Rh5+ 24. Rh4 Rxh4+ 25. Kxh4 Rg2 26. Re1
Rxh2+ 27. Kg3 Rxc2 28. Re7 Rxc3 29. Rxg7 Rxd3 30. Rxh7 Rxa3 31. Kf2 Ra5 32. f4
Rf5 33. Ke3 a5 34. Ke4 Rf8 35. Ke5 a4 36. f5 a3 37. Rh3 Kd7 38. Rxa3 c5 39. Rh3
b5 40. f6 Rf7 41. Rg3 Rxf6 42. Kxf6 b4 43. Ke5 Kc6 44. Ke4 Kb5 45. Kd3 c4+ 46.
Kc2 c5 47. Rg4 c3 48. Kb3 Ka5 49. Rg5 Kb5 50. Rf5 Kc6 51. Kc4 Kb6 52. Rg5 Ka5
53. Rg6 c2 54. Rg1 Kb6 55. Rc1 1-0

[Event "23. Copenhagen Open  (Politiken Cup)"]
[Site "Copenhagen"]
[Date "2001.07.17"]
[Round "2"]
[White "Spanton, Timothy"]
[Black "Jensen, Henrik Sandberg"]
[Result "1-0"]
[WhiteElo "2051"]
[BlackElo "1706"]
[PlyCount "55"]
[EventDate "2001.07.16"]
[EventType "swiss"]
[EventRounds "11"]
[EventCountry "DEN"]
[SourceDate "2004.01.01"]

1. e4 d6 2. d4 g6 3. Nc3 Bg7 4. Be3 Nc6 5. Qd2 e5 6. d5 Nce7 7. Nge2 f5 8. f4
exf4 9. Nxf4 Nf6 10. Bd3 Ng4 11. O-O fxe4 12. Nxe4 Nf5 13. Ne6 Bxe6 14. Bg5
Bd4+ 15. Kh1 Be3 16. Qc3 Bd4 17. Qb4 a5 18. Qb3 Qd7 19. dxe6 Qg7 20. Bb5+ c6
21. Rxf5 gxf5 22. Nxd6+ Kf8 23. e7+ Qxe7 24. Bxe7+ Kxe7 25. Nxf5+ Kd8 26. Nxd4
cxb5 27. Qd5+ Kc7 28. Nxb5+ 1-0

[Event "23. Copenhagen Open  (Politiken Cup)"]
[Site "Copenhagen"]
[Date "2001.07.17"]
[Round "2"]
[White "Stovring, Claus"]
[Black "Thomsen, Heinrich Kirch"]
[Result "1-0"]
[WhiteElo "1966"]
[BlackElo "1361"]
[PlyCount "71"]
[EventDate "2001.07.16"]
[EventType "swiss"]
[EventRounds "11"]
[EventCountry "DEN"]
[SourceDate "2004.01.01"]

1. e4 e6 2. d4 d5 3. e5 c5 4. c3 Nc6 5. Be3 cxd4 6. cxd4 f6 7. Bd3 fxe5 8. Qh5+
g6 9. Bxg6+ hxg6 10. Qxh8 Nf6 11. Nf3 exd4 12. Nxd4 Ne5 13. Nc3 Nf7 14. Qh4 e5
15. Ndb5 Be7 16. O-O Bd7 17. Bg5 d4 18. Bxf6 Bxf6 19. Nc7+ Kf8 20. Qg3 Qxc7 21.
Qxg6 dxc3 22. Qxf6 cxb2 23. Rab1 Re8 24. Rxb2 Re6 25. Qh4 Rc6 26. Qb4+ Nd6 27.
Rd2 a5 28. Qa3 Ke8 29. Rfd1 Nc4 30. Qd3 Nxd2 31. Qxd2 Rc2 32. Qg5 Be6 33. h4
Bxa2 34. h5 Qe7 35. Qg6+ Qf7 36. Qxc2 1-0

[Event "23. Copenhagen Open  (Politiken Cup)"]
[Site "Copenhagen"]
[Date "2001.07.17"]
[Round "2"]
[White "Tandrup, Michael"]
[Black "Jorgensen, Brian"]
[Result "1/2-1/2"]
[WhiteElo "1795"]
[BlackElo "2265"]
[PlyCount "134"]
[EventDate "2001.07.16"]
[EventType "swiss"]
[EventRounds "11"]
[EventCountry "DEN"]
[SourceDate "2004.01.01"]

1. d4 Nf6 2. Nf3 d5 3. c4 dxc4 4. Nc3 c6 5. a4 Bf5 6. e3 Nbd7 7. Bxc4 e6 8. O-O
Bd6 9. Re1 Ne4 10. Nxe4 Bxe4 11. Nd2 Bg6 12. e4 Nb6 13. Qb3 a5 14. d5 e5 15.
dxc6 bxc6 16. Nf3 Rb8 17. Qc2 Nxc4 18. Qxc4 Qc7 19. Qc2 O-O 20. Nh4 Bb4 21.
Nxg6 hxg6 22. Bd2 Bxd2 23. Qxd2 Rfd8 24. Qc2 Rd4 25. Rac1 g5 26. h3 Rc8 27.
Red1 c5 28. f3 c4 29. Qc3 Qc5 30. Kh1 Rc6 31. Qc2 Rc8 32. Kh2 Qb4 33. b3 c3 34.
Rd3 Rxd3 35. Qxd3 Qxb3 36. Qd7 Qc4 37. Qb5 Qxb5 38. axb5 a4 39. b6 Rb8 40. Rxc3
Rxb6 41. Rc8+ Kh7 42. Ra8 Rb4 43. Kg3 g6 44. Ra7 Kg7 45. Kg4 Rb2 46. g3 Ra2 47.
Kxg5 a3 48. g4 Ra1 49. f4 exf4 50. Kxf4 Kf6 51. g5+ Ke6 52. Ra6+ Kd7 53. Ke5 a2
54. h4 Kc7 55. Ra3 Kc6 56. Ra8 Kc5 57. Rc8+ Kb4 58. Rb8+ Kc3 59. Rc8+ Kd3 60.
Rd8+ Ke3 61. Ra8 Kf3 62. Kf6 Kxe4 63. Ra4+ Kd5 64. Ra5+ Ke4 65. Ra4+ Kd5 66.
Ra5+ Ke4 67. Ra4+ Kd5 1/2-1/2

[Event "23. Copenhagen Open  (Politiken Cup)"]
[Site "Copenhagen"]
[Date "2001.07.17"]
[Round "2"]
[White "Westlund, Mikael"]
[Black "Greisen, Flemming Dahl"]
[Result "1-0"]
[WhiteElo "1996"]
[BlackElo "1425"]
[PlyCount "93"]
[EventDate "2001.07.16"]
[EventType "swiss"]
[EventRounds "11"]
[EventCountry "DEN"]
[SourceDate "2004.01.01"]

1. d4 d5 2. Nf3 Bg4 3. Bf4 Nc6 4. e3 Nf6 5. c3 a6 6. Bd3 h6 7. Nbd2 e6 8. Qc2
Bd6 9. Bg3 Ne7 10. Ne5 Bh5 11. Ndf3 Nd7 12. O-O Nf8 13. Nd2 Bxe5 14. Bxe5 f6
15. Bg3 Qd7 16. e4 c6 17. Rae1 Bg6 18. f4 f5 19. exf5 Bxf5 20. Bxf5 exf5 21.
Nb3 b6 22. Bh4 Nfg6 23. Bxe7 Nxe7 24. Qe2 Ra7 25. Qe5 O-O 26. Qe6+ Kh7 27. Qe2
Rf6 28. Rf3 Ng6 29. g3 Kg8 30. Re3 Kh7 31. Nd2 Rf7 32. Nf3 Re7 33. Ne5 Nxe5 34.
Rxe5 Rxe5 35. dxe5 Qe6 36. Rd1 b5 37. Qe3 Rb7 38. Qc5 Kg8 39. b3 Kf7 40. c4
bxc4 41. bxc4 g5 42. cxd5 cxd5 43. Rxd5 gxf4 44. Rd6 Rb1+ 45. Kg2 Rb2+ 46. Kf3
Qe8 47. Qc7+ 1-0

[Event "23. Copenhagen Open  (Politiken Cup)"]
[Site "Copenhagen"]
[Date "2001.07.17"]
[Round "2"]
[White "Wilsbeck, Jan Borge"]
[Black "Pedersen, Christian K"]
[Result "0-1"]
[WhiteElo "1761"]
[BlackElo "2280"]
[PlyCount "116"]
[EventDate "2001.07.16"]
[EventType "swiss"]
[EventRounds "11"]
[EventCountry "DEN"]
[SourceDate "2004.01.01"]

1. e4 e6 2. d4 d5 3. e5 c5 4. c3 Nc6 5. Nf3 Bd7 6. a3 c4 7. Be2 Qb6 8. O-O Na5
9. Nbd2 Ne7 10. Ne1 g5 11. Bh5 Ng6 12. g3 O-O-O 13. Qf3 Be7 14. Qxf7 Rdf8 15.
Qg7 Qd8 16. Bxg6 Rfg8 17. Qf7 Rxg6 18. Ng2 g4 19. h4 gxh3 20. Ne3 Be8 21. Qf3
h5 22. Kh2 Bg5 23. Rb1 Rg7 24. b3 Bxe3 25. Qxe3 cxb3 26. Nxb3 Bg6 27. Nc5 Bxb1
28. Nxe6 Qe7 29. Nxg7 Qxg7 30. Qe2 Nc4 31. a4 Qg6 32. Re1 Be4 33. Bf4 Qg4 34.
Qf1 Bf5 35. f3 Qg6 36. Qe2 Be6 37. Bc1 Rg8 38. Rg1 Qf5 39. Rh1 Rf8 40. Rf1 Rf7
41. Bh6 Qg6 42. Bc1 Bf5 43. Re1 Bd3 44. Qf2 Be4 45. f4 Qg4 46. Rg1 Rg7 47. Re1
Bf5 48. Rg1 Rg6 49. Qf1 Ra6 50. Qf2 Rxa4 51. Re1 Ra1 52. Kh1 a5 53. Kh2 a4 54.
Kh1 a3 55. Kh2 a2 56. Kh1 Rb1 57. Qxa2 Qf3+ 58. Kg1 Qxg3+ 0-1

[Event "23. Copenhagen Open  (Politiken Cup)"]
[Site "Copenhagen"]
[Date "2001.07.18"]
[Round "3"]
[White "Aaberg, Anton"]
[Black "Nicolaisen, Jeppe"]
[Result "1-0"]
[WhiteElo "2373"]
[BlackElo "2047"]
[PlyCount "81"]
[EventDate "2001.07.16"]
[EventType "swiss"]
[EventRounds "11"]
[EventCountry "DEN"]
[SourceDate "2004.01.01"]

1. d4 d5 2. c4 Nc6 3. Nc3 dxc4 4. e3 e5 5. d5 Nb4 6. Bxc4 c6 7. a3 cxd5 8. Bb5+
Nc6 9. Qxd5 Qxd5 10. Nxd5 Bd6 11. Ne2 Nge7 12. Ndc3 O-O 13. Ne4 Bc7 14. Bd2 f5
15. Bc4+ Kh8 16. Ng5 h6 17. Ne6 Bxe6 18. Bxe6 Rad8 19. Ba2 Nd5 20. O-O-O Nf6
21. f3 Bb6 22. Nc3 a6 23. h3 e4 24. f4 Ne7 25. Rhe1 Rd6 26. Bb3 Rfd8 27. Bc2
Ned5 28. Nxd5 Nxd5 29. g4 g6 30. Re2 Kh7 31. Rde1 Rc8 32. Kb1 Rcd8 33. Bc1 Nf6
34. Rg2 Nd5 35. Ree2 Nf6 36. Rg3 h5 37. gxf5 gxf5 38. Rg5 Rd5 39. Reg2 Rg8 40.
Rxg8 Nxg8 41. Rxg8 1-0

[Event "23. Copenhagen Open  (Politiken Cup)"]
[Site "Copenhagen"]
[Date "2001.07.18"]
[Round "3"]
[White "Akesson, Joel"]
[Black "Nielsen, Dagh"]
[Result "1-0"]
[WhiteElo "2203"]
[BlackElo "1982"]
[PlyCount "98"]
[EventDate "2001.07.16"]
[EventType "swiss"]
[EventRounds "11"]
[EventCountry "DEN"]
[SourceDate "2004.01.01"]

1. d4 Nf6 2. c4 e6 3. Nf3 c5 4. Nc3 cxd4 5. Nxd4 a6 6. g3 Qc7 7. Bg2 Qxc4 8.
O-O Qc7 9. Bg5 Be7 10. Rc1 Qd8 11. e4 d6 12. Qe2 O-O 13. Rfd1 Nbd7 14. Nf3 e5
15. Bxf6 gxf6 16. Nh4 Nb6 17. Nf5 Bxf5 18. exf5 Qd7 19. Qe4 Rab8 20. Qb4 Nc8
21. Nd5 Bd8 22. Bh3 Kh8 23. Qh4 Rg8 24. Rc7 Qe8 25. Rdc1 Na7 26. Nxf6 Bxf6 27.
Qxf6+ Rg7 28. Qh4 Nc6 29. f6 Rg6 30. Bf5 Nd4 31. Qh5 Nxf5 32. Qxf5 Qe6 33. Qxe6
fxe6 34. Rf7 Kg8 35. Rcc7 b5 36. Rxh7 Rxf6 37. Rcg7+ Kf8 38. Ra7 Kg8 39. Rhg7+
Kf8 40. Rgc7 d5 41. Rxa6 Rf7 42. Rcc6 d4 43. Rxe6 Rf5 44. Kf1 b4 45. Ra5 Rc8
46. Raxe5 Rc1+ 47. Re1 Rc2 48. R6e2 Rfc5 49. Rxc2 Rxc2 1-0

[Event "23. Copenhagen Open  (Politiken Cup)"]
[Site "Copenhagen"]
[Date "2001.07.18"]
[Round "3"]
[White "Andersen, Kasper Lolk"]
[Black "Nielsen, Jens Holm"]
[Result "0-1"]
[WhiteElo "1192"]
[BlackElo "2055"]
[PlyCount "68"]
[EventDate "2001.07.16"]
[EventType "swiss"]
[EventRounds "11"]
[EventCountry "DEN"]
[SourceDate "2004.01.01"]

1. e4 c5 2. Nf3 Nc6 3. d4 cxd4 4. Nxd4 Nf6 5. Nc3 e5 6. Nxc6 bxc6 7. a3 Be7 8.
f4 Qc7 9. g3 O-O 10. fxe5 Qxe5 11. Bf4 Qc5 12. e5 Nd5 13. Nxd5 cxd5 14. Bd3 Re8
15. Qf3 d6 16. Rf1 Be6 17. Qf2 Rab8 18. exd6 Bxd6 19. Bxd6 Qxd6 20. b3 Bh3+ 21.
Kd2 Bxf1 22. Rxf1 Re7 23. a4 Qb4+ 24. Kc1 Qc3 25. Bb5 a6 26. Qf4 Rc8 27. Bd3
Qxd3 28. Rf2 Qe3+ 29. Qxe3 Rxe3 30. Rd2 Rxb3 31. Rxd5 Rbc3 32. Rd2 g6 33. a5
Ra3 34. Rd5 Ra2 0-1

[Event "23. Copenhagen Open  (Politiken Cup)"]
[Site "Copenhagen"]
[Date "2001.07.18"]
[Round "3"]
[White "Andersen, Rune"]
[Black "Radovic, Slobodan"]
[Result "1-0"]
[WhiteElo "2064"]
[BlackElo "1492"]
[PlyCount "45"]
[EventDate "2001.07.16"]
[EventType "swiss"]
[EventRounds "11"]
[EventCountry "DEN"]
[SourceDate "2004.01.01"]

1. d4 c5 2. d5 d6 3. c4 g6 4. Nc3 Bg7 5. e4 e5 6. f4 exf4 7. Bxf4 Bxc3+ 8. bxc3
g5 9. Bg3 h5 10. Be2 g4 11. h3 Qf6 12. Qd2 Nd7 13. hxg4 h4 14. g5 hxg3 15. gxf6
Rxh1 16. O-O-O Ndxf6 17. Qf4 Kd7 18. Qxg3 Kc7 19. Bf3 Rh6 20. e5 Rg6 21. Qf2
Ng4 22. Bxg4 Bxg4 23. Qxf7+ 1-0